000 00651nam a2200217 a 4500
001 893
003 BR-CuiBMT
005 20231122200630.0
008 231122s2009 mgb 001 0 por d
020 _a9788577002061
040 _aBR-CuiBMT
_cBR-CuiBMT
080 _22007
_a35.081
090 _a35.081
_bS587p
100 1 _aSilveira, Raquel Dias da
245 1 0 _aProfissionalização da função pública /
_cRaquel Dias da Silveira ; prefácio Romeu Felipe Bacellar Filho.
260 _aBelo Horizonte :
_bFórum,
_c2009.
300 _a236 p. ;
_c22 cm
504 _aInclui bibliografia e índice.
650 _aFunção pública
942 _2udc
_cLV
999 _c893
_d893